|
|
|
|
| LEADER |
00883nab a2200241 i 4500 |
| 001 |
misc65710 |
| 005 |
20231018112118.0 |
| 008 |
230609s1964 hu o 0|| eng d |
| 040 |
|
|
|a SZTE Miscellanea Repozitórium
|b hun
|
| 041 |
|
|
|a eng
|
| 100 |
1 |
|
|a Rypka Jan
|
| 245 |
1 |
0 |
|a L. S. Peisikov, Voprosy sintaksia persidskogo jazyka. Moscow, 1959
|h [elektronikus dokumentum] :
|b review /
|c Rypka Jan
|
| 260 |
|
|
|a Nederlands Instituut voor het Nabije Oosten
|b Leiden
|c 1964
|
| 300 |
|
|
|a 114-117
|c 31 cm
|
| 300 |
|
|
|a [4] p.
|c 31 cm
|
| 490 |
0 |
|
|a Bibliotheca Orientalis
|
| 561 |
|
|
|a Németh Gyula hagyaték
|
| 591 |
|
|
|a NOP 4983; LOP 3318
|
| 650 |
|
4 |
|a Bölcsészettudományok
|
| 650 |
|
4 |
|a Nyelvek és irodalom
|
| 695 |
|
|
|a Perzsa nyelv - mondattan - könyvismertetés
|
| 700 |
0 |
1 |
|a Pejsikov Lazar' Samojlovič
|
| 856 |
4 |
0 |
|u http://misc.bibl.u-szeged.hu/65710/1/4983_nop.pdf
|z Dokumentum-elérés
|